Normal view
MARC view
Entry Topical Term
001 - CONTROL NUMBER
- control field: 40570
003 - CONTROL NUMBER IDENTIFIER
- control field: OSt
005 - DATE AND TIME OF LATEST TRANSACTION
- control field: 20230914154208.0
008 - FIXED-LENGTH DATA ELEMENTS
- fixed length control field: 230914|| aca||aabn | a|a d
040 ## - CATALOGING SOURCE
- Original cataloging agency: OSt
- Transcribing agency: OSt
150 ## - HEADING--TOPICAL TERM
- Topical term or geographic name entry element: COVID-19 pandemic, Urban workers, India, Informal sector.
670 ## - SOURCE DATA FOUND
- Source citation: Work cat.: (OSt): Sengupta, Anindita 40569, Effect of Covid-19 pandemic on employment and earning in urban India during the first three months of pandemic period: An analysis with unit-level data of periodic labour force survey
